Govt. of
Madhya Pradesh

The Complete Guide to Glass Painting (Record no. 40327)

MARC details
000 -LEADER
fixed length control field 004600000a22001810004500
003 - CONTROL NUMBER IDENTIFIER
control field MACL
005 - DATE AND TIME OF LATEST TRANSACTION
control field 20151220160220.0
008 - FIXED-LENGTH DATA ELEMENTS--GENERAL INFORMATION
fixed length control field 151220b xxu||||| |||| 00| 0 eng d
040 ## - CATALOGING SOURCE
Original cataloging agency MACL
Transcribing agency MACL
041 ## - LANGUAGE CODE
Language code of text/sound track or separate title English
082 ## - DEWEY DECIMAL CLASSIFICATION NUMBER
Classification number 748.502/GEA
100 ## - MAIN ENTRY--PERSONAL NAME
Personal name Gear, Alan D
9 (RLIN) 21682
245 ## - TITLE STATEMENT
Title The Complete Guide to Glass Painting
260 ## - PUBLICATION, DISTRIBUTION, ETC. (IMPRINT)
Name of publisher, distributor, etc. Collins & Brown Ltd
Date of publication, distribution, etc. 2000
Place of publication, distribution, etc. China
350 ## - PRICE (NR) (BK AM CF MU VM SE) [OBSOLETE]
Price 1589
650 ## - SUBJECT ADDED ENTRY--TOPICAL TERM
Topical term or geographic name as entry element Glasses
9 (RLIN) 21611
942 ## - ADDED ENTRY ELEMENTS (KOHA)
Koha item type Books
Call number prefix 748.502/GER
Source of classification or shelving scheme
Holdings
Withdrawn status Lost status Source of classification or shelving scheme Damaged status Not for loan Home library Current library Date acquired Cost, normal purchase price Total Checkouts Full call number Barcode Date last seen Uniform Resource Identifier Price effective from Koha item type
          MACL MACL 15/04/2015 1589.00   748.502/GER RBKS RB0003048 29/04/2015 40573 15/04/2015 Books